000 00570nam a2200205 a 4500
001 19558
003 CO-ViMGA
008 141112s2004 ck r 000 u spa d
020 _a9586076539
040 _aCO-ViMGA
_bspa
_cCO-ViMGA
082 0 4 _a610.017 M154h
100 1 _aMalherbe, Jean - Francois
_928250
245 1 0 _aHacia una ética de la medicina
260 _aBogotá :
_bSan Pablo; 1998
300 _a185 p.
490 _aética
590 _aForma de adquisición : Premio Mincultura - - Precio : 10.160
650 1 4 _aética MEDICA
_922040
942 _2ddc
_cBK
999 _c28698
_d28698